Lecciones de derecho administrativo
Tallennettuna:
| Päätekijä: | |
|---|---|
| Aineistotyyppi: | Kirja |
| Kieli: | espanja |
| Julkaistu: |
Santiago
Legal Publishing
2015
|
| Painos: | 2a. ed |
| Sarja: | Colección Tratados y Manuales
|
| Aiheet: | |
| Tagit: |
Lisää tagi
Ei tageja, Lisää ensimmäinen tagi!
|
MARC
| LEADER | 00000cam a2200000 a 4500 | ||
|---|---|---|---|
| 001 | UCE8127 | ||
| 003 | CL-VaPUC | ||
| 008 | 150728e20150000cl |||||||||||||||||spa|d | ||
| 020 | |a 9789563466904 | ||
| 082 | 0 | 4 | |a 342.83 |b COR |2 21 |
| 100 | 0 | |a Cordero Vega, Luis Alberto |e author |9 580862 | |
| 245 | 1 | 0 | |a Lecciones de derecho administrativo |
| 250 | |a 2a. ed | ||
| 300 | |a 786 p | ||
| 942 | |c BK | ||
| 945 | |d 20150728 02:04:00 |a dcastane | ||
| 260 | |a Santiago |b Legal Publishing |c 2015 | ||
| 650 | 0 | |a Derecho administrativo |9 254851 | |
| 650 | 0 | |a Historia del derecho |9 255109 | |
| 650 | 0 | |a Filosofía del derecho |9 255050 | |
| 650 | 0 | |a Derecho administrativo chileno |9 461009 | |
| 583 | |a last modification |c 20160525 09:56:49 |k Rodrigo Vera | ||
| 490 | 0 | |a Colección Tratados y Manuales | |
| 999 | |c 360077 |d 360075 | ||
| 952 | |0 0 |1 0 |3 erb |4 0 |6 342_830000000000000_COR_2015 |7 0 |8 A |9 469715 |a BIBDER |b BIBDER |i 5191211 |l 4 |o 342.83 COR 2015 |p 5191211 |r 2025-04-24 |s 2025-03-27 |w 2019-11-23 |y BK |z Catalogado en:20150728 |k DER | ||